| 000 | 00527nam a2200133Ia 4500 | ||
|---|---|---|---|
| 008 | 170516s9999 xx 000 0 und d | ||
| 245 | _aEffect of Cortical Bone Thickness on Detection of Intraosseous Lesions by Ultrasonography, Sadaf Adibi, Alireza Shakibafard, Zohreh Karimi Sarvestani, Najmeh Saadat, and Leila Khojastepour | ||
| 260 | _bRadiology Research and Practice | ||
| 260 | _c2017 | ||
| 300 | _a: | ||
| 650 | _xRadiologic Technology | ||
| 650 | _xRadtech | ||
| 856 | _uhttps://www.hindawi.com/journals/rrp/contents/ | ||
| 999 |
_c332378 _d332378 |
||